Normal view
MARC view
Entry Topical Term
001 - CONTROL NUMBER
- control field: 4527
003 - CONTROL NUMBER IDENTIFIER
- control field: UZ
005 - DATE AND TIME OF LATEST TRANSACTION
- control field: 20190129154000.0
008 - FIXED-LENGTH DATA ELEMENTS
- fixed length control field: 190129|| aca||aabn | a|a d
040 ## - CATALOGING SOURCE
- Original cataloging agency: UZ
- Transcribing agency: UZ
150 ## - HEADING--TOPICAL TERM
- Topical term or geographic name entry element: Aging.
670 ## - SOURCE DATA FOUND
- Source citation: Work cat.: (UZ): Stoller, Eleanor Palo. 4526, Worlds of difference :, c2000.